|
|
|
|
| LEADER |
02154ncm a22004692a 4500 |
| 001 |
001349185 |
| 003 |
CZ BrMZK |
| 005 |
20180327114737.0 |
| 007 |
qu |
| 008 |
131127s1805 gw zz||g||||||||||||ita d |
| 040 |
|
|
|a BOA001
|b cze
|
| 048 |
|
|
|b vu01
|a ka01
|
| 072 |
|
7 |
|a 784
|x Vokální hudba
|2 Konspekt
|9 9
|
| 080 |
|
|
|a 78:371.671
|2 MRF
|
| 080 |
|
|
|a 784.9.02:371.671
|2 MRF
|
| 080 |
|
|
|a 784:784.9
|2 MRF
|
| 080 |
|
|
|a 78.089.6
|2 MRF
|
| 080 |
|
|
|a (0.068)78
|2 MRF
|
| 245 |
0 |
0 |
|a Gesanglehre des Conservatoriums der Musik in Paris
|h [hudebnina] :
|b Enthaltend: die Grundregeln des Gesanges, Uebungen für die Stimme, Solfeggien aus den besten ältern und neuern Werken, und Arien in jeder Art von Bewegung und Charakter /
|c Verfasst von Bernardo Mengozzi, Cherubini, Garat, Gossec, Méhul, Richer, Ginguéné, Langlé, Platande und Guichard
|
| 260 |
|
|
|a Leipzig :
|b Bei C.F. Peters (Bureau de Musique),
|c [1805?]
|
| 300 |
|
|
|a 109 s. ;
|c 30 cm
|
| 500 |
|
|
|a Tisk vtlačenou plotnou, č. 350
|
| 650 |
0 |
7 |
|a školy (hudba)
|7 ph527125
|2 czenas
|
| 650 |
0 |
7 |
|a školy (zpěv)
|7 ph600734
|2 czenas
|
| 650 |
0 |
7 |
|a vokální hudba (zpěv, klavír)
|7 ph321692
|2 czenas
|
| 655 |
|
7 |
|a partitury
|7 fd185981
|2 czenas
|
| 655 |
|
7 |
|a hudební staré tisky
|7 fd278470
|2 czenas
|
| 700 |
1 |
|
|a Mengozzi, Bernardo,
|d 1758-1800
|7 mzk2014830544
|4 cmp
|
| 700 |
1 |
|
|a Cherubini, Luigi,
|d 1760-1842
|7 jn19990003826
|4 cmp
|
| 700 |
1 |
|
|a Gossec, François-Joseph,
|d 1734-1829
|7 mzk2003182492
|4 cmp
|
| 700 |
1 |
|
|a Méhul, Etienne Nicolas,
|d 1763-1817
|7 ola2002146849
|4 cmp
|
| 700 |
1 |
|
|a Ginguené, Pierre-Louis,
|d 1748-1816
|7 mzk2009511684
|4 cmp
|
| 700 |
1 |
|
|a Cimarosa, Domenico,
|d 1749-1801
|7 js20020318012
|4 cmp
|
| 700 |
1 |
|
|a Anfossi, Pasquale,
|d 1727-1797
|7 ola2002145151
|4 cmp
|
| 700 |
1 |
|
|a Jommelli, Nicolo,
|d 1714-1774
|7 xx0031595
|4 cmp
|
| 700 |
1 |
|
|a Cafaro, Pasquale,
|d 1715-1787
|7 mub2010603337
|4 cmp
|
| 700 |
1 |
|
|a Sacchini, Antonio,
|d 1730-1786
|7 xx0059271
|4 cmp
|
| 910 |
|
|
|a BOA001
|b STMus4-0168.848
|
| 990 |
|
|
|a MU
|
| 993 |
|
|
|a Y
|
| 991 |
|
|
|b 201311
|
| 996 |
6 |
|
|b 2619632351
|c STMus4-0168.848
|l Stud. starých tisků/4.patro
|r Sklad / do násl. otevíracího dne
|n 0
|w 001384775
|x 9
|u 000010
|a 1
|e BOA001
|j MZK50
|s P
|